| Tag |
First Indicator |
Second Indicator |
Subfields |
| LEADER |
00000cem a2200000 a 4500 |
| 001 |
in00001404562 |
| 005 |
20151020052257.0 |
| 007 |
aj aanzn |
| 008 |
970804s1997 vauag cp a f 1 eng d |
| 010 |
|
|
|a gp 97066408
|
| 034 |
1 |
|
|a a
|b 24000
|d W1131500
|e W1130730
|f N0450000
|g N0445230
|
| 035 |
|
|
|a (OCoLC)37414256
|
| 035 |
|
|
|9 AHM3455AM
|
| 040 |
|
|
|a GPO
|c GPO
|d DLC
|d MvI
|d UtOrBLW
|
| 052 |
|
|
|a 4253
|b B4
|
| 074 |
|
|
|a 0619-G-08
|
| 086 |
0 |
|
|a I 19.91:I-2604
|
| 110 |
2 |
|
|a Geological Survey (U.S.)
|
| 245 |
1 |
0 |
|a Geologic map of the Jeff Davis Peak quadrangle and the eastern part of the Everson Creek quadrangle, Beaverhead County, southwest Montana.
|
| 246 |
3 |
0 |
|a Jeff Davis Peak quadrangle, and the eastern part of the Everson Creek quadrangle, Beaverhead County, southwest Montana, geologic map
|
| 255 |
|
|
|a Scale 1:24,000 ;
|b polyconic proj.
|c (W 113⁰15ʹ00ʺ--W 113⁰07ʹ30ʺ/N 45⁰00ʹ00ʺ--N 44⁰52ʹ30ʺ).
|
| 264 |
|
1 |
|a [Reston, Va.] :
|b The Survey ;
|c 1997.
|
| 264 |
|
2 |
|a Denver, CO :
|b For sale by U.S. Geological Survey Information Services,
|
| 300 |
|
|
|a 1 map ;
|c 58 x 50 cm., on sheet 144 x 106 cm., folded in envelope 30 x 24 cm.
|
| 336 |
|
|
|a cartographic image
|b cri
|2 rdacontent
|
| 337 |
|
|
|a unmediated
|b n
|2 rdamedia
|
| 338 |
|
|
|a sheet
|b nb
|2 rdacarrier
|
| 490 |
1 |
|
|a Geologic investigations map ;
|v I-2604
|
| 500 |
|
|
|a Relief shown by contours and spot heights.
|
| 500 |
|
|
|a Shipping list number: 97-0310-P.
|
| 500 |
|
|
|a Includes text, bibliography, location and index maps, 3 cross sections, and 2 ancillary maps.
|
| 500 |
|
|
|a Cartographic material.
|
| 650 |
|
0 |
|a Geology
|z Montana
|z Beaverhead County
|x Maps.
|
| 700 |
1 |
|
|a M'Gonigle, John W.
|
| 700 |
1 |
|
|a Hait, Mortimer H.
|
| 830 |
|
0 |
|a Geologic investigations (Geological Survey (U.S.)) ;
|v map I-2604.
|
| 999 |
|
|
|a MARS
|
| 999 |
f |
f |
|s bcb421a8-0061-3428-9558-7feebc1890c1
|i b0b68aca-62e0-3c57-8148-ad8ddb195e76
|t 0
|
| 952 |
f |
f |
|p 14_day
|a Texas A&M University
|b College Station
|c Sterling C. Evans Library
|d Evans: Maps File (2nd floor)
|t 0
|e I 19.91:I-2604
|h Superintendent of Documents classification
|i unmediated -- sheet
|m A14823017659
|
| 998 |
f |
f |
|a I 19.91:I-2604
|t 0
|l Evans: Maps File (2nd floor)
|